Views Tracklist By Streams - Statistics

General Stats
  • This quiz has been taken 6 times
  • The average score is 6 of 20
Answer Stats
# Streams Answer % Correct
1 3,706,551,616 One Dance
100%
5 491,394,941 Feel No Ways
67%
2 1,481,910,383 Hotline Bling
67%
3 1,127,034,511 Too Good
67%
10 265,882,590 9
50%
4 877,758,316 Controlla
50%
6 382,243,525 Pop Style
33%
12 215,283,484 Redemption
33%
7 358,053,891 Fire & Desire
17%
15 176,611,128 Grammys
17%
14 192,932,682 Hype
17%
19 106,991,468 Views
17%
17 131,396,444 Weston Road Flows
17%
8 325,361,568 Childs Play
0%
20 105,374,795 Faithful
0%
18 115,003,472 Keep The Family Close
0%
9 315,983,734 Still Here
0%
11 236,314,924 Summers Over Interlude
0%
16 146,674,311 U With Me?
0%
13 209,435,843 With You
0%
No matching quizzes found
Score Distribution
Percent of People with Each Score
Percentile by Number Answered
Your Score History
You have not taken this quiz